A carregar...
Maharang Prathap /
| Autor principal: | |
|---|---|
| Formato: | Printed Book |
| Idioma: | Hindi |
| Publicado em: |
Ramnarayan Lal ,
1967.
|
| LEADER | 00394nam a2200133Ia 4500 | ||
|---|---|---|---|
| 008 | 150624b xxu||||| |||| 00| | hin d | ||
| 100 | |a Ramkumar Varma | ||
| 245 | |c Ramkumar Varma |a Maharang Prathap / | ||
| 260 | |b Ramnarayan Lal , |c 1967. | ||
| 300 | |a 92 p. | ||
| 546 | |a In Hindi. | ||
| 942 | |c BK | ||
| 999 | |c 89500 |d 89500 | ||
| 952 | |0 0 |1 0 |4 0 |7 0 |9 89444 |a UL |b UL |c ST1 |d 1998-09-15 |l 0 |p 25833 |r 2012-10-27 |w 2012-10-27 |y BK | ||